<The> World Book Atlas

Uložené v:
Podrobná bibliografia
Ďalší autori: Miccolis, Dominic J.
Médium: Kniha
Jazyk:English
Vydavateľské údaje: Chicago World Book 1992
Vydanie:1. ed.
Tagy: Pridať tag
Žiadne tagy, Buďte prvý, kto otaguje tento záznam!

MARC

LEADER 00000nam a2200000 4500
001 c006103
005 20221214091012.0
020 |a 0-7166-2695-0 
041 0 |a eng 
044 |a US 
245 1 0 |a <The> World Book Atlas  |c Edit. Dominic J. Miccolis 
250 |a 1. ed. 
264 1 |a Chicago  |b World Book  |c 1992 
300 |a [432 s.] 
700 1 |a Miccolis, Dominic J.